Datum a čas kvízu
25.5
Celkem bodů
Celkový počet nahraných bodů na tomto kvízu bez doplňovacích otázek.
8.
Pořadí na kvízu
Konečné umístění týmu na tomto kvízu.
Zaznamenané odpovědi
| # | Otázka | Odpověď | Body | Výsledky |
|---|---|---|---|---|
| 1. | Který sběratelský předmět byl... | poštovní známka | 0 | |
| 2. | V úterý se v jisté evropské mo... | Španělsko, princezna Leonor | 0 | |
| 3. | Ve čtvrtek měla premiéru horor... | Přišla v noci | 1 | |
| 4. | Minulý týden otevřel jistý ame... | Popeye's | 1 | |
| 5. | Pokolikáté získal šestatřiceti... | poosmé | 0 | |
| -14. | O které významné ženě 18. stol... | o Marii Antoinettě | 0 | |
| -13. | Ze dřeva kterého stromu bývají... | z dubového dřeva | 0 | |
| -14. | Jak se v antické mytologii jme... | Dionýsos | 1 | |
| -11. | Seřaďte státy níže podle množs... | 1D 2C 3B 4A | 0 | |
| -10. | Brandy je pálenka vyrobená z h... | Cognac | 1 |